000
00274nam a22001217a 4500
008
170822b xxu||||| |||| 00| 0 eng d
041
_a
eng
080
_a
51
100
_a
38
101
_a
MAT
245
_a
A MODERN INTRODUCTION GEOMETRIES
_c
TULLER.A
942
_2
udc
_c
BK
999
_c
24518
_d
24518